000 01817nam0a2200409 4500
001 RU\NLR\bibl\1718961
005 20260406104554.0
010 _a978-5-377-04052-1
_915000
021 _aRU
_b2010-94174
_96342
035 _a(NLR Aleph) 001709964
090 _a1273923
_c1273923
100 _a20101202d2011 |||y0rusy50 ca
101 0 _arus
_aeng
102 _aRU
105 _ay |||||||||
200 1 _aГрамматика английского языка
_e3 класс
_eкнига для родителей
_eк учебнику М.З. Биболетовой и др. "Enjoy English. 3 класс" (Обнинск: Титул)
_fЕ.А. Барашкова
205 _a[3-е изд., перераб. и доп.]
210 _aМосква
_cЭкзамен
_d2011
215 _a124, [1] c.
_d21
225 1 _aУчебно-методический комплект
_eУМК
225 1 _aПо новому образовательному стандарту (второго поколения)
225 1 _aEnglish
_e3 класс
320 _aПредм. указ.: с. 123-125
606 1 _aАнглийский язык
_jУчебные издания для начальной школы
_9972309
_3RU\NLR\auth\6646032
606 1 _aАнглийский язык
_xОбучение в семье
_9971032
_3RU\NLR\auth\6645375
686 3 _aШ143.21-93рус21[3]
686 _aЧ491.7англ.
700 1 _4070
_8rus
_7ca
_aБарашкова
_bЕ. А.
_gЕлена Александровна
_3RU\NLR\auth\7796501
_979427
801 0 _aRU
_bЛИБНЕТ
_c20101202
_gRCR
801 1 _aRU
_bЛИБНЕТ
_c20101202
801 2 _aRU
_bВладимирская ОУНБ
_c20101220
801 2 _aRU
_bNLR
_c20101224
_grcr
942 _cBOOK
980 _aNB
980 _aNBR